| 000 | 01058naa a22002777a 4500 | ||
|---|---|---|---|
| 001 | BR9403264 | ||
| 003 | BR-BrBNA | ||
| 005 | 20240918181145.0 | ||
| 007 | ta | ||
| 008 | 230509b bl.||||| |||| 00| 0 por d | ||
| 040 |
_aBR-BrBNA _bpor _cBiblioteca Nacional de Agricultura |
||
| 041 | _a(Pt) | ||
| 072 |
_aP34; H20 _b3930 |
||
| 090 | _aP34 BR9403264 | ||
| 100 | 1 | _aZambolim, L. | |
| 111 | 1 |
_a2. Reuniao Anual sobre Controle Biologico de Doencas de Plantas _cCampinas, SP (Brazil) _d14-16 Oct 1987 |
|
| 245 | 1 | _aPodem as micorrizas protegerem as plantas contra as doencas? | |
| 260 | 3 |
_aCampinas, SP (Brasil): _c1987. |
|
| 500 | _aAnais da 2. Reuniao Anual sobre Controle Biologico de Doencas de Plantas Campinas, SP (Brasil): 1987. p. 3-10 (BR9403264-AM)P34 | ||
| 650 | _aMicorriza | ||
| 650 | _aSimbiose | ||
| 650 | _aControle Biologico | ||
| 773 | 0 |
_tAnais da 2. Reuniao Anual sobre Controle Biologico de Doencas de Plantas _wP34 BR9403264 _gCampinas, SP (Brasil), 1987. p. 3-10 |
|
| 909 |
_a202404 _bLucia _c55 _dLucia Elande |
||
| 942 |
_cAM _2AGRIS |
||
| 999 |
_c323866 _d323866 |
||